000 01169cab a2200205 4500
001 ABS67330
008 040108n2003 000 0 eng u
035 _a(Sirsi) u124765
100 _aYule, I.
245 2 _aA case of foot and mouth
260 _c2003
490 _aBuilding
_v268(8308) 14 November 2003, 62(1)
520 _aAdvises parties involved in an adjudication dispute that, if they think an adjudicator has no right to decide a dispute, they should be careful what they say as they can lose the right to have the court overturn the result. It suggests parties should not submit to an adjudicator's jurisdictional decision,as they may not be able to appeal againstthe decision at a later date. This may be especially true in construction contracts.
590 _aABS
650 _aBUILT ENVIRONMENT-BUILDING CONTRACT FORMS
650 _aMANAGEMENT-DISPUTE AVOIDANCE, MANAGEMENT AND RESOLUTION-DISPUTE MANAGEMENT AND RESOLUTION-ALTERNATIVE DISPUTE RESOLUTION-ADJUDICATION
650 _aNORDOT ENGINEERING SERVICES LTD V SIEMANS PLC
690 _aMANGEMENT-DISPUTE AVOIDANCE, MANAGEMENT AND RESOLUTION-DISPUTE MANAGEMENT AND RESOLUTION
942 _n0
999 _c74050
_d74050